Ca líp: Yêu cầu kỹ thuật, kết cấu, kích thước, dung sai TCVN 3272- 79/ TCVN 3285- 79 /

Trình bày tiêu chuẩn nhà nước về yêu cầu kỹ thuật kết cấu kích thước, dung sai của Calip, kích thước chế tạo Calip cho các loại ren khác nhau...với những tiêu chuẩn được quy định

Bewaard in:
Bibliografische gegevens
Hoofdauteur: Bộ cơ khí và luyện kim
Formaat: Boek
Taal:Vietnamese
Gepubliceerd in: H. : Khoa học và kỹ thuật Nhà nước , 1983
Editie:In lần thứ 1
Onderwerpen:
Tags: Voeg label toe
Geen labels, Wees de eerste die dit record labelt!
Thư viện lưu trữ: Thư viện Trường CĐ Kỹ Thuật Cao Thắng
LEADER 01207nam a2200253 a 4500
001 TVCDKTCT6775
003 Thư viện trường Cao đẳng Kỹ thuật Cao Thắng
005 20170525135721.9
008 070427
980 \ \ |a Thư viện Trường CĐ Kỹ Thuật Cao Thắng 
024 |a RG_1 #1 eb0 i1 
041 0 # |a vie 
082 # # |a 389.621.82 /   |b T309C-c 
100 1 # |a Bộ cơ khí và luyện kim 
245 0 0 |a Ca líp: Yêu cầu kỹ thuật, kết cấu, kích thước, dung sai TCVN 3272- 79/ TCVN 3285- 79 /   |c Bộ cơ khí và luyện kim 
250 # # |a In lần thứ 1 
260 # # |a H. :   |b Khoa học và kỹ thuật Nhà nước ,   |c 1983 
300 # # |a 189tr. ;   |c 27 
520 # # |a Trình bày tiêu chuẩn nhà nước về yêu cầu kỹ thuật kết cấu kích thước, dung sai của Calip, kích thước chế tạo Calip cho các loại ren khác nhau...với những tiêu chuẩn được quy định 
650 # 4 |a Ca líp 
650 # 4 |a Cơ khí 
650 # 4 |a Tiêu chuẩn kỹ thuật 
721 # # |a CNKT Cơ khí 
841 # # |b Kho Sách   |j 100020675, 100020769, 100020774